000 01160nas a2200325 i 4500
001 203
003 ES-MaACL
005 20250814011826.0
007 t|
008 950801c1890 fr | | 1 ||re d
080 _a572
245 0 2 _aL'Anthropologie /
_cparaissant... sous la direction de MM. Cartailhac, Hamy, Topinard.
260 _aParis :
_bMasson et Cie,
_c1890- (
_eAngers :
_fSociété Français d'Imprimerie et de Publicité, etc)
300 _a44 v. :
_bgrab ;
_c25 cm.
310 _aBimensual
362 0 _aT. I (1890)-
500 _aEl n. 6 de 1909, t. XX contiene las tablas de los 20 primeros años.
500 _aEn 1930, t. XL, tabla general del t. XXI al t. XL.
650 1 7 _aBiología
_2embne
_910580
650 7 _aAntropología física
_2embne
_99893
700 0 _aCartailhac, Emile.
_935871
700 1 _aHamy, Ernest-Théodore.
_9143180
700 1 _aTopinard, Paul.
_9133296
700 0 _aBoule, Marcellin.
_930907
700 1 _aVallois, Henri-Victor.
_9143181
700 1 _aVaufrey, Raymond.
_9143182
852 _aES-MaACL
_jHem-190
866 0 _o1890,1893-1934(1935f.n.3y4)(1936f.n.5y6).
999 _c203
_d203